Wait, How Many Was That? Quiz Stats

Quiz Updated Nov 1, 2016

Also try: How Many Years...
Challenge
Share
Tweet
Embed
Score 0/50 Timer 06:00
0 Plays Today
The number... Number % Correct
...of dwarfs in 'Snow White and the Seven Dwarfs'7
99.6%
...of strikes needed for a perfect game of ten-pin bowling12
77.2%
...of days per week the Beatles show their affection for you8
75.2%
...of strings on a standard guitar6
73.3%
...of the happiest cloud to be on9
69.8%
...of inches in a yard36
69.4%
...that is the drinking age in Canada (except for Quebec, Manitoba, and Alberta)19
67.5%
...of first dates Adam Sandler had with Drew Barrymore50
66.1%
...that is the only positive integer divisible by exactly one positive integer1
66%
...of minutes in each period of a football (soccer) game45
65.2%
...of U.S. Presidencies before Barack Obama43
64.2%
...of witches in Shakespeare's 'Macbeth'3
62.5%
...of days in a fortnight14
59.2%
...of the street where a miracle occurred34
58%
...that is the infamous age at which many musicians, like Jimi Hendrix and Kurt Cobain, have died27
56.3%
...of countries with the letter 'X' in their name2
50.5%
...that triskaidekaphobes fear13
48.2%
...of w's you would have if you wrote out all the numbers from 1 to 5015
46.2%
...of ounces in a Venti coffee from Starbucks20
45.9%
...that answers the Question (the one about life, the universe, and everything, that is)42
44.8%
...of chromosomes in a human sex cell23
44%
...of shots in a 21-gun salute21
40%
...of Oscars 'The Lord of the Rings: The Return of the King' won11
38.4%
...that is the minimum age for a United States senator30
35.1%
...that was Mozart's age when he died35
34.1%
The number... Number % Correct
...of syllables in a haiku17
32.9%
...of provinces in Canada10
32.8%
...that is the number of days in non-leap year Februaries28
32.2%
...of Coco Chanel's most famous fragrance5
31.5%
...that is equal to twice the sum of its digits18
30.7%
...of letters in the Hebrew alphabet22
29.4%
...of personality types in the Myers-Briggs system16
27.1%
...that is the age at which Jack Nicklaus became the oldest man ever to win golf's Masters tournament46
27%
...of Pikachu's PokeDex entry25
26.3%
...worn by and retired for basketball legends Kevin McHale, Magic Johnson, and Bill Walton32
23.9%
...that is the normal human body temperature in degrees Celsius37
20.8%
...of Noble Truths in Buddhism4
19.6%
...of degrees below 0 at which the Celsius and Fahrenheit scales are equal to each other40
18.6%
...of Knuts per Sickle in Harry Potter currency29
16.3%
...of items you have if you have a third of a gross48
15.7%
...that was F. Scott Fitzgerald's age at his death in 194044
14.2%
...of silver on the Periodic Table47
12.4%
...of cantos in each section of Dante's 'Divine Comedy'33
9.7%
...of books in the Old Testament of the Bible39
9.5%
...of U.S. states that have never had a female governor24
9%
...of states in Mexico (not including the federal district)31
7.6%
...of sides in a rhombicuboctahedron26
7%
...that is the year Caligula was assassinated41
4.6%
...of surviving plays (allegedly) written by Shakespeare38
4.5%
...of the James Gang's funk49
3.9%

You're not logged in!

Compare scores with friends on all Sporcle quizzes.
Sign Up with Email
OR
Log In

You Might Also Like...

Show Comments

Extras

Top Quizzes Today


Score Distribution

Your Account Isn't Verified!

In order to create a playlist on Sporcle, you need to verify the email address you used during registration. Go to your Sporcle Settings to finish the process.